000 01290nam a2200325 4500
001 113378
003 DR-UNIBE
005 20251119062551.0
008 250326b2010 dr ||||| |||| 00| 1 spa d
020 _a9789945452259
040 _aBIBLIOTECA UNIBE
_bspa
_cBIBLIOTECA UNIBE
_erda
041 _aspa
090 _aFBIU-ND CI G594c
100 0 _aGoede, Johanna
_eautor
_9193475
245 1 3 _aEl caballito Luperón /
_cJohanna Goede ; ilustrador: René León ; diagramación: Rafael Brugal
250 _aPrimera edición
260 _aSanto Domingo :
_bNuevo Diario,
_c2010
300 _a25 páginas :
_bilustraciones a color ;
_c19 x 14 cm
500 _aComentarios sobre la obra en la solapas y contraportada, información del autor al final de la obra
653 7 _aCuentos infantiles dominicanos
653 7 _aLuperón, Gregorio, 1939-1897 - Biografías
653 7 _aPuerto Plata - Historia
653 7 _aLiteratura infantil dominicana
700 1 0 _aFinke González, Carlos Manuel
_d1925-2016
_9193476
_ecomentarista
700 0 _aRamos Tejada, Emelda,
_d1948-
_953451
_ecomentarista
700 1 0 _aRusso, Lilian,
_d1940-2023
_9193477
_ecomentarista
700 0 _aLeón Morales, René
_eilustrador
_9193478
700 0 _aBrugal, Rafael
_ediagramador
_9193479
942 _2ddc
_cBK
999 _c113378
_d113378